| 000 | 00356 a2200133 4500 | ||
|---|---|---|---|
| 020 | _a8126501324 | ||
| 090 |
_c2845 _d2845 |
||
| 100 | _aMarshall Loeb | ||
| 245 |
_aLeadership for Dummies _bA Refrence for the rest of us! |
||
| 260 |
_aNew Delhi _bIDG Books India (P) Ltd _c2000 |
||
| 300 | _a358 p. | ||
| 500 | _aPapercover | ||
| 942 |
_aNBS _cBK _k303.34 LOE |
||
| 999 |
_c345335 _d345335 |
||